000 00673nam a2200265Ia 4500
005 20260324153516.0
008 008 260324s9999 xx 000 0 eng d
020 _a9780323998857
037 _aEBOOK
040 _aCRL
040 _beng
040 _cCRL
041 _2eng
041 _aeng
084 _qCRL
100 _aDavid Cox
_91161049
245 0 _aStatistics for Applied Behavior Analysis Practitioners and Researchers
260 _bElsevier
260 _c2023
650 _aNeuroscience and Psychology
856 _uhttps://www.sciencedirect.com/science/book/9780323998857
942 _cEBOOK
999 _c1843179
_d1843179